LEADER 00899nam0-2200301---450- 001 990009203970403321 005 20100629113218.0 010 $a0820308684 035 $a000920397 035 $aFED01000920397 035 $a(Aleph)000920397FED01 035 $a000920397 100 $a20100629d1986----km-y0itay50------ba 101 0 $aeng 105 $a--------101yy 200 1 $aCurrent health policy issues and alternatives$ean applied social science perspective$fedited by Carole E. Hill 210 $aAthens, Georgia ; London$cUniversity of Georgia Press$d1986 215 $a212 p.$d23 cm 610 0 $aSalute 676 $a362.1042 702 1$aHill,$bCarole E. 801 0$aIT$bUNINA$gRICA$2UNIMARC 901 $aBK 912 $a990009203970403321 952 $aIG 18 G 25$b204$fDMIGI 959 $aDMIGI 996 $aCurrent health policy issues and alternatives$9774736 997 $aUNINA LEADER 00954cam0-2200325---450- 001 990005601870403321 005 20130221124322.0 010 $a3-534-08558-2 035 $a000560187 035 $aFED01000560187 035 $a(Aleph)000560187FED01 035 $a000560187 100 $a19990604d1982----km-y0itay50------ba 101 0 $ager 102 $aDE 105 $ay-------001yy 200 1 $aEinführung in die rabbinische Theologie$fPnina Navè Levinson 210 $aDarmstadt$cWissenschaftliche Buchgessellschaft$d1982 215 $aXII, 157 p.$d22 cm 610 0 $aGiudaismo 676 $a296.3 700 1$aNavè Levinson,$bPnina$f<1921-1998>$0400814 801 0$aIT$bUNINA$gRICA$2UNIMARC 901 $aBK 912 $a990005601870403321 952 $a296.3 LEV 2$b58482 bibl.$fFLFBC 952 $a296.3 LEV 2 BIS$b58090 bibl.$fFLFBC 959 $aFLFBC 996 $aEinführung in die rabbinische Theologie$9609118 997 $aUNINA